| 000 | 00787nam a2200205 a 4500 | ||
|---|---|---|---|
| 001 | 000034791 | ||
| 005 | 20240306073910.0 | ||
| 008 | 111019s1941 cu 000 0 spa d | ||
| 040 |
_aDO-SdBNP _bspa _cBNPHU |
||
| 082 |
_a972.91 _bM378zm |
||
| 100 | 1 |
_aMendez, Isidro M. _960288 |
|
| 245 | 1 | 0 |
_aMartí : _bestudio crítico y biográfico / _cM. Isidro Mendez. |
| 260 |
_aLa Habana, Cuba : _b[s. n.], _c1941. |
||
| 300 |
_a310 p. ; _c24 cm. |
||
| 586 | _aObra premiada en el Concurso Literario Inter-americano de la Comisión Central Pro-Monumento a Martí celebrado en la Habana el año 1939 | ||
| 590 | _aPerteneció a la biblioteca personal de Juan Isidro Jimenes Grullón. | ||
| 600 | 1 | 0 |
_aMartí, José, _d1853-1895 _9645 |
| 910 | _aValidado. Control de calidad MFF | ||
| 049 | _aBNPD | ||
| 999 |
_c34282 _d34282 |
||